Effectif Olympique Marseille saison 2024/2025 - Statistiques

Statistiques générales
  • Ce quiz a été pris 4 271 fois
    1 161 depuis la dernière actualisation
  • Le résultat moyen est 19 sur 36
Statistiques - réponses
Hint Réponse % Correct
G Gerónimo Rulli
94%
D Leonardo Balerdi
89%
Coach Roberto De Zerbi
89%
A Mason Greenwood
86%
M Valentin Rongier
77%
A Luis Henrique
75%
D Quentin Merlin
74%
M Amine Harit
72%
M Pierre-Emile Højbjerg
72%
M Geoffrey Kondogbia
70%
D Michael Murillo
70%
A Elye Wahi
68%
A Neal Maupay
66%
G Jeffrey de Lange
64%
D Derek Cornelius
61%
D Pol Lirola
61%
A Jonathan Rowe
60%
D Lilian Brassier
60%
D Chancel Mbemba
59%
D Ulisses Garcia
58%
G Ruben Blanco
54%
A Enzo Sternal
44%
M Ismaël Koné
44%
M Bilal Nadir
38%
D Bamo Meïté
37%
A Faris Moumbagna
33%
M Valentín Carboni
33%
M Jordan Veretout
32%
M Gaël Lafont
30%
M Azzedine Ounahi
25%
A Keyliane Abdallah
22%
M Emran Soglo
14%
A François-Régis Mughe
11%
M Raimane Daou
8%
A Salim Ben Seghir
6%
M Yanis Sellami
6%
Aucun quiz correspondant
Distribution des résultats
% des personnes avec chaque résultat
Percentile par nombre de réponses
Votre historique - résultats
Vous n’avez pas pris ce quiz depuis la dernière actualisation